[Event "Novgorod 3rd"]
[Site "Novgorod"]
[Date "1996.07.29"]
[Round "8"]
[White "Gelfand, Boris"]
[Black "Kramnik, Vladimir"]
[Result "1-0"]
[WhiteElo "2665"]
[BlackElo "2765"]
[Annotator "Gelfand,B"]
[PlyCount "123"]
[EventDate "1996.07.20"]
[EventType "tourn"]
[EventRounds "10"]
[EventCountry "RUS"]
[EventCategory "19"]
[SourceTitle "CBM 054"]
[Source "ChessBase"]
[SourceDate "1996.10.01"]
[SourceVersion "1"]
[SourceVersionDate "1996.10.01"]
[SourceQuality "1"]

1. e4 c5 2. Nf3 Nc6 3. Nc3 g6 4. d4 cxd4 5. Nxd4 Bg7 6. Nb3 Nf6 (6... Bxc3+ $5
7. bxc3 Nf6 8. Bd3 O-O 9. O-O d5 10. exd5 Qxd5 11. c4 $10) 7. Be2 O-O 8. O-O d6
9. Re1 a6 10. Bf1 b5 11. Bg5 (11. a4 b4 12. Nd5 Nxd5 13. exd5 Ne5 $13 {
Masserey,Y-Petursson,M/Horgen/1994/}) 11... h6 12. Bh4 Bb7 (12... e6 $5 {
Adams,M-Miles,A/NED/1996/}) 13. a4 (13. Nd5 $6 g5 14. Bg3 Nxd5 15. exd5 Nb4 {
Emelin=Tkachev,92}) 13... b4 14. Nd5 Nd7 15. Rb1 (15. Ra2 $5) 15... Nb6 16. Qd2
$146 (16. a5 Na4 17. Qd2 g5 18. Bg3 Nxb2 19. Nxb4 Nxa5 20. Nxa5 Qxa5 21. c3 Na4
22. e5 {Nielsen+Ward,90}) 16... Nxa4 (16... g5 17. Bg3 Nxa4 (17... Nxd5 18.
exd5 Ne5 19. a5) 18. Nxb4 Nxb2 (18... Bxb2 19. Nxc6 Bxc6 20. Rxb2 Nxb2 21. Qc3
$18) 19. Nxc6 Bxc6 20. Nd4 $44) 17. Nxb4 Nxb4 (17... Nxb2 18. Nxc6 Bxc6 19. Nd4
Bxd4 20. Qxd4 Na4 21. e5 $44) 18. Qxb4 Bc6 19. e5 (19. Nd4 Bd7 20. f3 a5 21.
Qd2 $10) 19... Qb8 (19... Rb8 $5 20. Qa3 Bxe5 21. Rxe5 dxe5 22. Bxe7 Qc8 23.
Bxf8 (23. Nd2 Re8 $143 $44) 23... Qxf8 24. Bxa6 (24. Qxf8+ Kxf8 25. Bxa6 Be4)
24... Qxa3 25. bxa3 Be4 26. Nd2 $10) 20. Qa3 g5 $6 {Black seriously weakened
their Queen's side. They were still okay after} (20... Bxe5 21. Bxe7 Re8 22.
Bh4 Bb5 23. Bg3 $10) 21. Bg3 dxe5 (21... f5 22. exf6 Bxf6 23. Na5 $14) 22. Nd4
$1 {I guess Vladimir missed this move.} (22. Na5 $5 $16 {Kramnik/}) 22... Bd7 (
22... Qb7 23. Nxc6 (23. Nf5 $5) (23. Nf5 $5) 23... Qxc6 24. Bxe5 Bxe5 25. Rxe5
$16) 23. Qxe7 (23. Nf3 f6 24. Qxe7 Qe8 $13) 23... Qe8 24. Qd6 $1 {This was a
very difficult move White have to make possible for bishop on g3 to enter the
game.} (24. Qa3 f6 $13) 24... e4 (24... f6 25. Bc4+ (25. Bxa6 $5) (25. Bxa6 $5)
25... Kh8 26. Ne6) 25. Qb4 (25. Bc4 $2 Rd8 $1 (25... Bb5 26. Bxb5 axb5 27. Nf5
$16) 26. Qg6 Kh8 27. Qxe4 Qxe4 28. Rxe4 f5 $19) (25. Qd5 Nb6 26. Qc5 Na4 27.
Qb4 {-game}) 25... a5 26. Qd2 f5 27. Bd6 $1 {White had another tempting
possibility but in my opinion the it's more important to put the bishop into
the game immediately.} (27. f3 Qg6 28. fxe4 fxe4 $14) (27. f3 $5 $16) 27... Rf6
28. Ba3 Kh8 29. b3 {this is not the precise move order and could give Black
counter chances} (29. Rbd1 $1 $16 {Was stronger and White would have maximal
centralisation of pieces}) 29... Nb6 30. c4 Qe5 $6 {Black miss their chance to
take the game out of White's control.} (30... a4 $1 {Would force White to make
a choice between small edge and big complications, where both sides had their
chances} 31. b4 (31. Nb5 Bxb5 32. cxb5 axb3 $14 (32... axb3 33. Rxb3 $14))
31... Rd6 32. Bb2 a3 (32... Qe5 33. Rbd1 a3 34. Ba1 Ba4 35. c5 (35. Nxf5 Rxd2
36. Bxe5 Rxd1 37. Bxg7+ Kh7 38. Rxd1 Bxd1 $17) 35... Bxd1 (35... Rd5 36. cxb6
Bxd1 37. Rxd1 Rb8 (37... Rad8 38. Qe3) 38. Qc1 Rxb6 39. Qc8+ Kh7 40. Bc4) 36.
cxd6 Ba4 37. Nb5 $16) 33. Ba1 (33. c5 axb2 34. cxd6 Qe5 $44) 33... a2 34. Rbd1
Ba4 35. c5 (35. Nxf5 Rxd2 36. Bxg7+ Kh7 37. Rxd2 Qe6 38. g4 Nxc4 39. Bxc4 Qxc4
40. Rd6 Ra6 $17) 35... Rxd4 (35... Rd5 36. cxb6 Rad8 (36... Bxd1 37. Rxd1 Rad8
(37... Qd7 38. Bc4 Rxd4 (38... Rd6 $5) (38... Rd6 $5 {Gelfand,B}) 39. Qxd4 Bxd4
40. Rxd4 $18) 38. Qxa2 {/\} Bxd4 39. Rxd4 Rxd4 40. Bxd4+ Rxd4 41. Qa1 Qd8 42.
b7 $18) 37. Rc1 Bxd4 38. Bxd4+ Rxd4 39. Qxa2 $16) 36. Bxd4 Bxd1 37. Bxg7+ (37.
cxb6 Qd7 38. b7 Qxb7 39. Rxd1 Qd7) 37... Kxg7 38. Qc3+ (38. Qd4+ Kg6 39. Rxd1
Qd7 (39... Rd8 $2 40. Qxd8 Qxd8 41. Rxd8 a1=Q 42. cxb6 Qe1 43. b7 e3 $10) 40.
Qxd7 Nxd7 41. Ra1 $13) 38... Kh7 39. Rxd1 Nd5 40. Qd4 Nxb4 41. Qf6 $13) 31.
Rbd1 (31. c5 Nd5 32. Nf3 Qf4 33. Qxd5 Bc6 $132) 31... Rc8 32. Nb5 $16 (32. c5
Rxc5 33. Bxc5 Qxc5 $44) (32. f3 $5) 32... Bxb5 33. Bb2 $1 Qc7 (33... Qe6 34.
cxb5 Rf7 35. Bxg7+ Rxg7 36. Qxa5 $16) (33... Qe7 34. Bxf6 Bxf6 35. cxb5 Bc3 36.
Qe3 Bxe1 37. Qxb6 $18) 34. cxb5 Rff8 35. Rc1 Qe7 36. Rc6 $1 Rxc6 37. bxc6 Bxb2
38. Qxb2+ Kh7 39. Qd4 Qb4 40. Qxb4 (40. Rd1 $5 $18) 40... axb4 41. Rd1 Rc8 42.
Rd6 $18 {Blacks' pieces are extremely passive. That why they are sacrifising a
piece to get some conterplay but it's not enough to save the game.} Kg7 (42...
Rc7 43. Be2 Kg7 44. h3 $18 (44. Bh5) (44. Bh5) (44. Bh5 $18)) 43. g4 fxg4 44.
c7 Na8 45. Rd8 Rxc7 46. Rxa8 Rc3 47. Bc4 e3 (47... Rc1+ 48. Kg2 h5 49. Rb8 (49.
Re8 Re1 50. Bd5 h4 51. h3) 49... h4 50. h3 gxh3+ 51. Kxh3 Rc2 52. Rg8+ Kh6 53.
Rf8 $18) 48. Ra7+ Kf6 49. Ra6+ Kg7 50. Ra7+ Kf6 51. Ra6+ Kg7 52. fxe3 Rxe3 53.
Ra7+ Kf6 54. Ra6+ Kg7 55. Rb6 g3 56. Rxb4 h5 57. Rb7+ Kf6 (57... Kh6 $142 58.
Rb6+ Kg7 59. Rd6 $18) 58. Rf7+ Kg6 59. Rf1 g4 60. Rb1 gxh2+ 61. Kxh2 h4 62. Bf1
1-0

[Event "Pardubice"]
[Site "Pardubice"]
[Date "1994.??.??"]
[Round "2"]
[White "Georgiev, Kiril"]
[Black "Shirov, Alexei"]
[Result "1-0"]
[WhiteElo "2615"]
[BlackElo "2740"]
[Annotator "Georgiev,Ki"]
[PlyCount "117"]
[EventDate "1994.07.??"]
[EventType "tourn"]
[EventRounds "9"]
[EventCountry "CZE"]
[EventCategory "15"]
[SourceTitle "CBM 042"]
[Source "ChessBase"]
[SourceDate "1994.10.01"]
[SourceVersion "1"]
[SourceVersionDate "1994.10.01"]
[SourceQuality "1"]

1. e4 c5 2. Nf3 d6 3. d4 cxd4 4. Nxd4 Nf6 5. Nc3 Nc6 6. g3 g6 7. Nde2 Bg7 8.
Bg2 {Mit der Zugumstellung haben wir die Drachenvariante bekommen. Jetzt muß
Weiß gegen seine eigene Lieblingseröffnung kämpfen!} O-O 9. O-O Rb8 10. a4 b6
$6 (10... a6 11. Bg5 b5 12. axb5 axb5 $132) 11. Re1 Bb7 12. h3 Nb4 $6 (12...
Nd7 $1) 13. Nd5 Nbxd5 14. exd5 Qc7 15. Ra3 $1 $14 Rfe8 16. Re3 Rbc8 17. Nc3 a6
18. R3e2 Kf8 (18... Qd7 $5 $132 {/\b5}) 19. Be3 Qc4 20. Bxb6 Nd7 (20... Qb4 21.
Bd4 Qxb2 22. Qd3 $16 {/\Rb1}) 21. Be3 Nc5 22. Bg5 Be5 23. f4 $1 $16 Bxc3 24.
bxc3 Rc7 25. f5 Qxc3 (25... gxf5 $2 26. Qd2) 26. Re3 Qb2 (26... Qc4 27. Bh6+
Kg8 28. Qa1 f6 29. Qxf6 $3 $18) 27. f6 Kg8 28. Rxe7 Rcxe7 29. Rxe7 Rf8 30. Qe2
Bxd5 31. Bxd5 Qd4+ 32. Kh2 Qxd5 33. Bh6 Ne6 34. Bxf8 Kxf8 35. Qe3 Qc6 36. Qh6+
$6 (36. Qb3 $1 Kg8 37. Rxe6 fxe6 38. Qxe6+ Kh8 39. c4 $18 {/\f7}) 36... Kg8 37.
Qd2 h6 38. h4 Qf3 39. Rd7 (39. Re8+ Kh7 $2 (39... Nf8 $16) 40. Qxh6+ $1 Kxh6
41. Rh8#) 39... g5 40. Rxd6 gxh4 41. Qg2 $1 Qxf6 42. gxh4+ Kf8 43. Qg3 Qf1 44.
Rd2 Qc4 45. a5 Ke7 46. Rf2 Qc5 47. Qf3 Qe5+ 48. Kh1 f6 49. Re2 Qxa5 50. Qe4 Qb6
51. c4 a5 52. Qh7+ $1 $18 (52. c5 Qb3 $1 $132) 52... Kd8 53. Qg8+ Ke7 54. Qg7+
Kd6 55. Rd2+ Ke5 (55... Kc5 56. Qg1+ Kc6 57. Rd6+ $1 $18) 56. Rd5+ Kf4 57.
Qxf6+ Kg3 58. Qg6+ Kh3 59. Qf5+ 1-0

[Event "EU-ch 1st"]
[Site "Saint Vincent"]
[Date "2000.07.13"]
[Round "10"]
[White "Sorensen, Jan"]
[Black "Van der Weide, Karel"]
[Result "0-1"]
[WhiteElo "2399"]
[BlackElo "2467"]
[Annotator "Gofshtein,L"]
[PlyCount "82"]
[EventDate "2000.07.03"]
[EventType "swiss"]
[EventRounds "11"]
[EventCountry "ITA"]
[SourceTitle "CBM 078"]
[Source "ChessBase"]
[SourceDate "2000.10.18"]
[SourceVersion "1"]
[SourceVersionDate "2000.10.18"]
[SourceQuality "1"]

1. e4 c5 2. Nf3 Nc6 3. d4 cxd4 4. Nxd4 Nf6 5. Nc3 d6 6. Be2 Nxd4 (6... e5 $5)
7. Qxd4 g6 8. O-O {Another possibility, 8.e5, looks dangerous,but black would
have good chances for defence after:} (8. e5 dxe5 9. Bb5+ Bd7 10. Qxe5 Bg7 (
10... a6 $5 11. Bg5 Bg7 12. Nd5 $5 Bxb5 (12... O-O $2 13. Nxe7+ Qxe7 14. Qxe7
Rfe8 15. Qxe8+ Rxe8+ 16. Be2 $18 {1-0 Sion Castro,M-Manso Gil,A/Mondariz 1997/
EXT 99 (22)}) 13. Bxf6 (13. Nxf6+ Bxf6 14. Bxf6 O-O 15. Bh4 Re8 $132) 13...
Bxf6 14. Nxf6+ Kf8 15. Nd5 f6 $132) 11. Bg5 Bxb5 12. Qxb5+ Qd7 13. Qxd7+ Kxd7
14. O-O-O+ Kc6 15. Rhe1 Rhe8 16. Re3 h6 17. Bxf6 exf6 $14 {1/2-1/2 Browne,
W-Robatsch,K/Amsterdam IBM 1972 (33),also possible another possibilities.There
are:}) (8. g4 $5 h6 9. Bb5+ Bd7 10. Bxd7+ Qxd7 11. f3 Bg7 12. Be3 O-O $132 {
1/2-1/2 Yemelin,V-Makarichev,S/RUS-ch Elista 1995 (39)}) (8. a4 Bg7 9. a5 O-O
10. O-O Nd7 11. Qb4 Ne5 12. Nd5 Nc6 13. Qd2 e6 14. Nf4 Qc7 15. Rd1 Nd4 $1 $15 {
0-1 Isupov,V-Makarichev,S/RUS-chT Kazan 1995 (52)}) (8. Bg5 Bg7 9. Bb5+ Bd7 10.
Bxd7+ Qxd7 11. Nd5 Nh5 $132 12. Qd2 {0-1 Totsky,L-Makarichev,S/Simferopol 1990/
EXT 97 (39)} (12. Qb4 e6 13. Ne3 a5 14. Qa3 (14. Qb3) 14... Qb5)) 8... Bg7 9.
Bg5 {another possibilities are:} (9. Qd1 O-O 10. Bg5 Bd7 11. Qd2 Re8 12. Rad1
Bc6 13. Qe3 Qa5 14. f4 Nd7 $132 {0-1 Llaneza Vega,M-Fernandez,E/San Agustin
1998/EXT 2000 (33)}) (9. Be3 O-O 10. Qd2 Ng4 (10... Be6 11. f3 a6 12. Rfd1 Rc8
13. Bf1 Qc7 $132 {1-0 Bohnstorff,M-Lunkmoss,G/Germany 1993/EXT 97-B (61)}) 11.
Bg5 f6 12. Bf4 Ne5 13. Nd5 Be6 14. Rad1 Rc8 15. b3 f5 16. exf5 Bxf5 17. c4 $16
{1-0 Diedrichsen,D-Hoexter,H/Germany 1992/EXT 97-B (63)}) 9... O-O 10. Qd2 {
also possible:} (10. Rad1 Be6 11. Qb4 $1 (11. Qd2 Rc8 12. Bf3 Qb6 $132 {
0-1 Romanova,E-Matnadze,A/Murek 1998/CBM 65 ext (58)}) 11... Qc7 12. Bd3 $6 (
12. f4) 12... Rfc8 13. Nb5 $5 Qb8 14. Nd4 $14 {0-1 Ibragimov,A-Makarov,M/Omsk
1996/CBM 57/[Rechlis,G] (49)}) 10... Be6 $5 {another continuation is:} (10...
Bd7 11. Rfe1 Rc8 12. Bf3 b5 $132 {1-0 Le Roux,J-Kuemin,S/Murek 1998/CBM 65 ext
(28)}) 11. Rfd1 $146 {Another plan is a jump of knight to d5,as it was in the
game mentioned above. It also gives black good counterplay:} (11. Rfe1 Rc8 12.
Bf1 Qb6 13. Rab1 Rfd8 14. Nd5 Nxd5 15. exd5 Bf5 16. Bd3 Bxd3 17. Qxd3 Bf6 18.
Bxf6 {1/2-1/2 Galkin,A-Khasin,A/Krasnoiarsk 1998/EXT 2000 (18)}) 11... Rc8 $132
{[%cal Ye6c4,Yc7c3,Rc8c3]} 12. Bf3 Nd7 13. Bh6 Bxh6 14. Qxh6 Qb6 $5 15. Rab1
Rc7 16. Be2 Rfc8 $15 {Black possess initiatiave already,and white forced
transition to defence} 17. Re1 Nf6 18. Qd2 a6 19. h3 Qc5 20. Bd3 Nh5 21. a3 Qe5
{[%csl Rf4][%cal Yh5f4,Ye5f4]} 22. Ne2 {[%csl Rf4][%cal Ye2f4,Yd2f4]} g5 $5 {
[%csl Rf4][%cal Rg5f4,Ye5f4,Yh5f4] Thi is strong move,after which, black gets
control over f4-point, and begins preparation for attack on the kingside.} 23.
c3 Kh8 24. Nd4 Rg8 {[%cal Yg8g5]} 25. Qe3 g4 $5 26. Nxe6 fxe6 27. hxg4 Rxg4 {
[%csl Rg2][%cal Yg4g2,Yh5f4,Yf4g2]} 28. Bf1 Qg7 29. Qd2 Rc5 $40 {Black tries
to transfer last piece to the attack.} 30. g3 (30. Qd4 e5) (30. Re3 Rcg5 $36)
30... Nxg3 31. fxg3 Rxg3+ 32. Kf2 $2 {mistake. After 32.Bg2 white would have
some practical chances.} (32. Bg2 Rxg2+ 33. Qxg2 Rg5 34. Re2 Rxg2+ 35. Rxg2 Qe5
36. Rf1 h5 37. Rf8+ Kh7 38. Rf7+ Kh6 $17) 32... Rh5 33. Re2 $8 Rg1 {Best move,
33...Qg4, would lead to the quick win after:} (33... Qg4 $1 34. Ke1 Rh1 35. Kd1
Rxf1+ 36. Kc2 Rg2 $1 37. Rxg2 Qxe4+ 38. Kb3 Qxb1 39. Qh6 (39. Qd4+ e5 40. Qc4
Qd1+ 41. Ka2 Rf8 $19) 39... Qd1+ 40. Ka2 Qd5+ $19) 34. Ke3 {Another
possibilities would also lead to loss:} (34. Qf4 e5 35. Qf3 Rh6 36. Ke1 Rf6 $19
) (34. Qd4 e5 (34... Rh2+ 35. Ke3 e5 36. Qc4 Qh6+ 37. Kd3 Rxe2 38. Kxe2 Qh2+
39. Ke1 $13) 35. Qd3 Rhh1 $19 (35... Rh2+ 36. Ke1)) 34... Qg3+ 35. Kd4 Re5 $2 {
black had missed nice idea,which leads to the win after:} (35... Qf3 $1 $40 36.
Qe1 b5 $3 37. Re3 (37. Rd1 Rd5+ 38. exd5 Rg4+ 39. Re4 e5#) 37... Rd5+ $19) 36.
Re3 {Another possibilities do not give anything :} (36. Qe3 Qg7 $1 37. Kc4
Rxe4+ $1 38. Qxe4 d5+ $19) (36. Qh6 Qf3 {[%cal Yf3f1,Yg1f1]} 37. Re3 (37. Rbe1
Rxf1 38. Rxf1 Qxf1 $19) 37... Rxe4+ 38. Rxe4 e5+ $19) 36... Qf4 37. Qe2 Rf5 38.
Kd3 $2 {Decisive mistake. After38.Re1 game would be a draw:} (38. Re1 $1 Qe5+ (
38... Rf8 39. Bg2 $18) 39. Kd3 Qb5+ 40. c4 Qb3+ 41. Kd2 (41. Kd4 e5+ 42. Kd5
e6+ 43. Kxe6 Rg6+ 44. Ke7 Qb6 $19) 41... Qxb2+ 42. Kd1 $11) 38... Rf8 $19 39.
e5 (39. Kc2 Rxf1 40. Rxf1 Qxf1 $19) 39... d5 40. Rh3 Qf5+ 41. Kd4 Qxb1 $19 0-1

[Event "Moscow-A"]
[Site "Moscow"]
[Date "1996.??.??"]
[Round "?"]
[White "Kholmov, Ratmir D"]
[Black "Golubev, Mikhail"]
[Result "1/2-1/2"]
[WhiteElo "2435"]
[BlackElo "2520"]
[Annotator "Golubev,M"]
[PlyCount "111"]
[EventDate "1996.??.??"]
[EventType "tourn"]
[EventRounds "9"]
[EventCountry "RUS"]
[EventCategory "10"]
[SourceTitle "CBM 055"]
[Source "ChessBase"]
[SourceDate "1996.12.01"]
[SourceVersion "1"]
[SourceVersionDate "1996.12.01"]
[SourceQuality "1"]

1. e4 c5 2. Nf3 d6 3. d4 cxd4 4. Nxd4 Nf6 5. Nc3 g6 6. Bc4 Bg7 7. h3 O-O 8. Bb3
b6 9. O-O Bb7 10. Re1 Nbd7 11. Bg5 h6 (11... Rc8 12. Nd5 (12. Qd2 $1) 12... Rc5
$1 13. Qd2 Re8 14. c4 a6 15. a4 $6 e6 16. Nxf6+ Nxf6 17. Bh4 $6 g5 $1 $17 {
Razsmyslov,E-Golubev,N/UKR/1988/}) 12. Bh4 Rc8 13. f3 {N/} (13. Nd5) 13... a6
14. a4 (14. Qd2 b5) 14... Nc5 15. Ba2 Re8 16. Qd2 (16. Bf2 $5 $14) 16... e5 $1
17. Nde2 $6 (17. Bxf6 $13) (17. Nb3 $13) 17... Nfxe4 18. Bxd8 $8 Nxd2 19. Bxb6
e4 $5 20. fxe4 (20. f4) 20... Ndxe4 $2 (20... Ncxe4) 21. Rf1 d5 $5 (21... Ne6
$14) 22. Ba5 $2 Nxc3 23. Nxc3 Ne6 $36 24. Bb3 Nd4 $1 25. Rac1 Nxb3 26. cxb3 d4
$17 27. Na2 $8 Bd5 28. Nb4 Bxb3 29. Rxc8 Rxc8 30. Ra1 Be6 (30... Bf8 $5) 31.
Bb6 Bf5 32. Nxa6 d3 33. Rd1 Rc2 $1 34. b4 Be4 35. Bf2 Bf8 $4 (35... d2 $19 36.
Be3 Rc1 $3 (36... Bd4 37. Kf2) 37. Rxc1 Bd4 $1 38. Kf1 Bd3+) 36. a5 Rb2 37. Kf1
Bxb4 38. Nxb4 Rxb4 39. Ra1 Bb7 40. Be3 Ba6 41. Bxh6 Ra4 42. Rb1 $15 Rxa5 43.
Rb8+ Kh7 44. Bd2 Rf5+ 45. Kg1 g5 46. g4 Rc5 47. Kf2 Re5 48. Be3 Bc4 49. Rd8 f6
$10 50. Rd6 (50. Rd4 $1) 50... Kg6 51. Bd4 $6 Re2+ $15 52. Kf3 Re6 $1 53. Rd8
Re1 54. Bf2 Re2 55. h4 $1 Re5 56. Rd4 $1 1/2-1/2

[Event "Bundesliga 0203"]
[Site "Germany"]
[Date "2002.12.15"]
[Round "6.2"]
[White "Sokolov, Andrei"]
[Black "Svidler, Peter"]
[Result "1/2-1/2"]
[WhiteElo "2587"]
[BlackElo "2690"]
[Annotator "Hecht,H"]
[PlyCount "86"]
[EventDate "2002.10.19"]
[EventType "team-tourn"]
[EventRounds "15"]
[EventCountry "GER"]
[SourceTitle "CBM 093"]
[Source "ChessBase"]
[SourceDate "2003.04.01"]
[SourceVersion "1"]
[SourceVersionDate "2003.04.01"]
[SourceQuality "1"]
[WhiteTeam "Tegernsee"]
[BlackTeam "Baden Oos"]
[WhiteTeamCountry "GER"]
[BlackTeamCountry "GER"]

1. e4 c5 2. Nf3 d6 3. d4 cxd4 4. Nxd4 Nf6 5. Nc3 Nc6 6. Be2 g6 7. O-O Bg7 8.
Nb3 O-O 9. Bg5 a6 10. Re1 b5 11. Bf1 h6 12. Bh4 Nd7 13. Rb1 Nde5 14. Nd5 g5 15.
Bg3 e6 16. Ne3 Bb7 17. c4 bxc4 18. Nxc4 Nxc4 19. Bxc4 Ne5 20. Nd2 Nxc4 21. Nxc4
Bxe4 22. Rxe4 d5 23. Re1 dxc4 24. Qh5 Qd5 25. h4 Rad8 26. hxg5 Qxg5 27. Qxg5
hxg5 28. Rbc1 Bxb2 29. Rxc4 Rd5 30. Ra4 a5 31. Bc7 Rc8 32. Bb6 Rb8 33. Be3 Rb4
34. Rxb4 axb4 35. Kf1 f6 36. Re2 Rd1+ 37. Re1 Rd5 38. Re2 Be5 39. Rd2 Bd6 40.
Rxd5 exd5 {"Schlechter" schwarzer Läufer - daher wertloser schwarzer Mehrbauer}
41. g4 Kf7 42. Ke2 Ke6 43. Bd4 Be5 (43... Be5 44. Bc5 Bc3 45. Kd3 Ke5 $140 46.
a3 $1) 1/2-1/2

[Event "FIDE-Wch k.o."]
[Site "Moscow"]
[Date "2001.11.27"]
[Round "1.5"]
[White "Volokitin, Andrei"]
[Black "Sakaev, Konstantin"]
[Result "0-1"]
[WhiteElo "2566"]
[BlackElo "2639"]
[Annotator "Hecht,H"]
[PlyCount "140"]
[EventDate "2001.11.27"]
[EventType "k.o."]
[EventRounds "7"]
[EventCountry "RUS"]
[SourceTitle "CBM 086"]
[Source "ChessBase"]
[SourceDate "2002.02.05"]
[SourceVersion "1"]
[SourceVersionDate "2002.02.05"]
[SourceQuality "1"]

1. e4 c5 2. Nf3 d6 3. d4 cxd4 4. Nxd4 Nf6 5. Nc3 Nc6 6. Be2 g6 7. Nb3 Bg7 8.
Bg5 O-O 9. Qd2 Be6 10. Rd1 Rc8 11. Bh6 Bxh6 12. Qxh6 Ne5 13. O-O Qb6 14. h3 Kh8
15. Kh1 Rg8 16. f4 Nc4 17. Bxc4 Rxc4 18. Nd2 Rc5 19. Na4 Rh5 20. Qxh5 Nxh5 21.
Nxb6 Ng3+ 22. Kg1 Nxf1 23. Nxf1 axb6 24. Ne3 Ra8 25. a3 Ra4 26. c4 Bxc4 27. Rd4
b5 28. Kf2 Kg7 29. Ke1 e5 30. Rxd6 exf4 31. Nd5 Bxd5 32. exd5 b4 33. Rb6 bxa3
34. bxa3 Rxa3 35. Rxb7 Rd3 36. Rd7 g5 37. Ke2 Rd4 38. Kf3 Kg6 39. Rd8 h5 40. d6
Kf5 41. d7 h4 42. Ke2 f6 43. Kf2 Ke6 44. Re8+ Kxd7 {2-4 Bauern am Königsflügel
bei deformierter schwarzer Bauernstellung. Es riecht zwar nach Gewinn bei
Überführung des schwarzen Turms nach g3 mit nachfolgendem f3. Doch die Gefahr,
nur mit den Bauern f+h zurück zu bleiben ist groß.} 45. Re2 Rd3 46. Re1 Kd6 47.
Re8 Re3 48. Rd8+ Ke6 49. Re8+ Kf5 50. Ra8 (50. Rxe3 fxe3+ 51. Kxe3 g4 52. hxg4+
Kxg4 53. Kf2 Kf4 54. Kf1 Kg3 55. Kg1 h3 56. gxh3 Kxh3 57. Kf2 Kg4 $19) 50...
Rg3 51. Ra5+ Kg6 52. Ra6 f3 53. gxf3 Rxh3 {Problemturm auf h3/g3} 54. Kg2 $8
Rg3+ 55. Kf2 Kf5 56. Ra5+ Ke6 57. Ra6+ Kf7 58. Ra7+ Kg6 59. Ra8 f5 60. Ra6+ Kh5
61. Ra5 Kg6 62. Ra6+ Kh5 63. Ra5 f4 64. Ra6 $2 {Läßt den schwarzen König via
h4 einsickern} (64. Ra8 $142 h3 65. Rh8+ Kg6 66. Ke2 g4 67. fxg4 Kg5 68. Kf2
Rb3 69. Rg8+ Kh4 70. Rh8+ Kxg4 71. Rg8+ Kf5 $11 {und wir sind im
remisträchtigen Endspiel "Turm mit f+h" gelandet mit optimal postiertem weißen
Turm.}) 64... h3 65. Ra8 Rg2+ 66. Kf1 Kh4 $1 {Das wars!} 67. Rh8+ Kg3 68. Rh5
Ra2 69. Rxg5+ Kxf3 {Zwar auch "Turm mit f+h" aber mit dem weißen König auf
verlorenem Posten.} 70. Kg1 Rg2+ 0-1

[Event "EU-Cup 15th final"]
[Site "Bugojno"]
[Date "1999.10.31"]
[Round "3"]
[White "Sturua, Zurab"]
[Black "Mikhalevski, Victor"]
[Result "1-0"]
[WhiteElo "2602"]
[BlackElo "2516"]
[Annotator "Hecht,H"]
[PlyCount "117"]
[EventDate "1999.10.29"]
[EventType "team-k.o."]
[EventRounds "3"]
[EventCountry "BIH"]
[SourceTitle "EXT 2020"]
[Source "ChessBase"]
[SourceDate "2019.10.17"]
[SourceVersion "1"]
[SourceVersionDate "2019.10.17"]
[SourceQuality "1"]
[WhiteTeam "Kiseljak"]
[BlackTeam "Beer-Sheva Chess Club"]
[WhiteTeamCountry "BIH"]
[BlackTeamCountry "ISR"]

1. e4 c5 2. Nf3 d6 3. d4 cxd4 4. Nxd4 Nf6 5. Nc3 g6 6. Be2 Bg7 7. O-O O-O 8.
Bg5 Nc6 9. Nb3 a6 10. a4 b6 11. f4 Bb7 12. Kh1 Na5 13. Nd2 d5 14. e5 d4 15.
exf6 exf6 16. Nce4 fxg5 17. fxg5 h6 18. gxh6 Bxh6 19. Nf6+ Kg7 20. Bf3 Rc8 21.
Bxb7 Nxb7 22. Ng4 Be3 23. Ra3 Nd6 24. Nxe3 dxe3 25. Rxe3 Nc4 26. Rd3 Qh4 27.
Nxc4 Qxc4 28. Qf3 f5 29. Rd6 Rf6 30. Rd2 Rc7 31. b3 Qc3 32. Qf2 Re6 33. Re1 Re4
34. h3 Rce7 35. Red1 Qe3 36. Kg1 a5 37. Rd7 Qxf2+ 38. Kxf2 Re2+ 39. Kf1 Re1+
40. Rxe1 Rxd7 41. Re6 Rb7 42. c4 Kh6 43. Ke2 Kg5 44. Ke3 Rb8 45. Rd6 Re8+ 46.
Kf2 Rb8 47. Kf3 Rb7 48. h4+ Kh5 49. Kf4 Rb8 50. g3 Rb7 51. Rd8 Kh6 52. h5 gxh5
53. Rd6+ Kh7 54. Kxf5 Rg7 55. Kf4 Rg4+ 56. Kf3 Rg6 57. Rxg6 Kxg6 {# Die
wei�e Bauernmajorit�t am Damenfl�gel ist teilentwertet. Zun�chst
begibt sich der wei�e K�nig in das Quadrat des schwarzen b-Bauern, dann
erfolgt der Bauerndurchbruch am Damenfl�gel.} 58. Ke3 Kf5 59. b4 (59. b4 axb4
60. c5 bxc5 61. a5 {+- Quadratregel!}) 1-0